Dancing with the Stars Quiz Stats

 Plays Quiz Updated Dec 23, 2019

Support Sporcle.
Go Orange.
Score 0/28 Timer 04:00
1 Play Today
Season Champion % Correct
3Emmitt Smith
64.2%
21Bindi Irwin
61.1%
2Drew Lachey
60.3%
28Hannah Brown
57.9%
25Jordan Fisher
56.9%
23Laurie Hernandez
54.8%
20Rumer Willis
54.6%
18Meryl Davis
54.4%
24Rashad Jennings
53.2%
26Adam Rippon
52.1%
8Shawn Johnson
51.6%
27Bobby Bones
51.5%
7Brooke Burke
50.9%
17Amber Riley
50.3%
Season Champion % Correct
19Alfonso Ribeiro
48.8%
6Kristi Yamaguchi
48.6%
22Nyle DiMarco
48.4%
14Donald Driver
47.1%
15Melissa Rycroft
46.2%
16Kellie Pickler
44.9%
1Kelly Monaco
44.4%
4Apolo Anton Ohno
42.5%
13J. R. Martinez
40.9%
5Hélio Castroneves
35.3%
9Donny Osmond
25.1%
11Jennifer Grey
17.1%
10Nicole Scherzinger
16.7%
12Hines Ward
10.2%

From the Vault

In the Bible (A to Z)

by Flick

And ye shall ponder the clues two by two.
Remove Ads.
Support Sporcle.
Get the best of Sporcle when you Go Orange. This ad-free experience offers more features, more stats, and more fun while also helping to support Sporcle. Thank you for becoming a member.

Show Comments

Extras

Top Quizzes Today


Score Distribution

Your Account Isn't Verified!

In order to create a playlist on Sporcle, you need to verify the email address you used during registration. Go to your Sporcle Settings to finish the process.

Report this User

Report this user for behavior that violates our Community Guidelines.

Details: